On A Map: North America Quiz Stats

 Plays Quiz Updated Jul 25, 2016

Challenge
Share
Tweet
Score 0/23 Timer 04:00
9 Plays Today
Country % Correct
United States of America
93.1%
Canada
92.9%
Mexico
92.5%
Cuba
87.8%
Panama
84.5%
Haiti
83%
Dominican Republic
82.1%
Belize
78.5%
Bahamas
78%
Honduras
77.8%
Guatemala
77.7%
Costa Rica
76.8%
Country % Correct
Nicaragua
76.7%
El Salvador
76.4%
Jamaica
72.4%
Trinidad and Tobago
60.1%
Saint Kitts and Nevis
57.4%
Saint Lucia
56.4%
Barbados
56%
Saint Vincent and
the Grenadines
54.5%
Grenada
54.2%
Dominica
52.9%
Antigua and Barbuda
52.8%

You're not logged in!

Compare scores with friends on all Sporcle quizzes.
Join for Free
OR
Log In

You Might Also Like...

Show Comments

Extras

Top Quizzes Today


Score Distribution

Your Account Isn't Verified!

In order to create a playlist on Sporcle, you need to verify the email address you used during registration. Go to your Sporcle Settings to finish the process.

Report this User

Report this user for behavior that violates our Community Guidelines.

Details: